| 000 | 00320nam a2200109Ia 4500 | ||
|---|---|---|---|
| 008 | 220204s9999 xx 000 0 und d | ||
| 082 |
_a347.77 _bSWA |
||
| 245 | 3 | _aAn introduction to the guiding principles in the decision on patent law | |
| 260 |
_aDelhi _bBahri Brothers _c2000 |
||
| 700 | _aSwaminathan, K V | ||
| 942 | _cBK | ||
| 999 |
_c42075 _d42075 |
||